A carregar...

How inclusive is South African inclusive

Detalhes bibliográficos
Autor principal: Nontokozo Mashiya
Idioma:Undetermined
Assuntos:
LEADER 00555nab a2200169Ia 4500
008 170811c99999999xx |||||||||||| ||und||
100 |a Nontokozo Mashiya 
245 |a How inclusive is South African inclusive 
300 |a 599-605 
653 |a  Exclusion 
653 |a  Language learning 
653 |a  Sports foundation 
653 |a Inclusive education 
773 |t Anthropologist   |g Vol. 17 No. 2 (March) 2014 
942 |c ART 
999 |c 182315  |d 182315 
952 |0 0  |1 0  |4 0  |7 0  |9 248163  |a LIB  |b LIB  |d 2017-08-13  |h Vol. 17 No. 2 (March) 2014  |r 2017-08-13  |w 2017-08-13  |y ART